000 01114cam a2200337 a 4500
999 _c2327
_d2327
001 ocn198493011
003 TZ-ArACH
005 20180717110806.0
008 120503s2007 bcc bz 001 0 eng
010 _a 2011478663
016 _a20080036910
020 _a9781425114183
020 _a1425114180
035 _a(OCoLC)198493011
040 _aCaOONL
_beng
_cTZ-ArACH
_dDLC
_dY9#
041 _aEn
042 _alccopycat
043 _af------
049 _aTZAA
050 0 0 _aKQC572
_b.J35
100 1 _aJallow, Hassan B.
_911010
245 1 4 _aLaw of the African (Banjul) Charter on Human and People's Rights (1988-2006) /
_cHassan B. Jallow.
260 _aVictoria, BC :
_bTrafford,
_c2007.
300 _a403 p. ;
_c22 cm.
504 _aIncludes bibliographical references and index.
610 2 0 _aAfrican Commission on Human and People's Rights.
_911011
630 0 0 _aAfrican Charter on Human and People's Rights
_d(1981)
_911012
650 0 _aHuman rights
_zAfrica.
_911013
856 4 1 _3Table of contents only
_uhttp://catdir.loc.gov/catdir/toc/fy13pdf01/2011478663.html
942 _2lcc
_cBOOK